000 00733cam a2200241 4500
001 1189708
005 20151020144750.0
008 720203s1927 nyucf 000 0beng
010 _a 27021314
035 _a(OCoLC)ocm00232739
035 _a(NNC)1189708
040 _aDLC
_cDLC
_dm.c.
_dSER
_dOCL
_dZCU
050 0 _aE382
_b.J64 1956
100 1 _aJohnson, Gerald White.
_q(Gerald White),
_d1890-1980.
_920352
245 1 0 _aAndrew Jackson,
_ban epic in homespun
_c[by] Gerald W. Johnson ...
260 _aNew York,
_bBantam
_c1956
300 _a244p. ;
_c18 cm.
440 _aBantam biographies
_920353
600 1 0 _aJackson, Andrew,
_920354
942 _2lcc
_cMONOGRAPH
948 2 _a20101210
_ba
_cscmc3
_dSCMC
999 _c123550
_d123550